00257nam a2200073Ia 4500008004100000100001600041245009900057260002700156201231s9999 xx 000 0 und d aSeker, K R 0aPlanning successful employee performance: A practical guide to planning individual achievement aNew DelhibWheeler pub